Histology : (رقم التسجيلة. 38454)

تفاصيل مارك
000 -الفاتح
حقل البيانات ثابتة الطول 01832cam a22003734a 4500
001 - رقم الضبط
رقم الضبط 16283513
003 - محدد رقم الضبط
رقم الضبط OSt
005 - وقت وتاريخ اخر تعامل مع التسجيلة
رقم الضبط 20151013203253.0
008 - عناصر البيانات ثابتة الطول - معلومات عامة
حقل البيانات ثابتة الطول 100614s2016 paua 001 0 eng
010 ## - رقم ضبط مكتبة الكونجرس
رقم ضبط مكتبة الكونجرس 2010024700
016 7# - رقم ضبط الوكاله الوطنية للضبط الببليوجرافي
رقم ضبط التسجيلة 101533150
المصدر DNLM
020 ## - الرقم الدولى المعيارى للكتب
الرقم الدولى المعيارى للكتاب 9781469889313
035 ## - رقم ضبط النظام
رقم ضبط النظام (OCoLC)ocn548651322
040 ## - مصدر الفهرسة
وكالة الفهرسة الأصلية DNLM/DLC
وكالة النسخ DLC
وكالة التعديل YDX
-- BTCTA
-- NLM
-- YDXCP
-- SINPL
-- DLC
042 ## - رمز التحقق
رمز التحقق pcc
050 00 - رقم طلب مكتبة الكونجرس
رقم التصنيف QM551
رقم المادة .R67 2011
060 00 - رقم الطلب بالمكتبة الطبية الوطنية
رقم التصنيف 2010 M-640
060 10 - رقم الطلب بالمكتبة الطبية الوطنية
رقم التصنيف QS 517
رقم المادة R825h 2011
082 00 - رقم تصنيف ديوى العشرى
رقم التصنيف 611.018
رقم الطبعة 22
رقم المادة RMH
100 1# - المدخل الرئيسى - إسم شخصى
الإسم الشخصى Ross, Michael H.
9 (RLIN) 10860
245 10 - بيان العنوان
العنوان Histology :
بقية العنوان a text and atlas : with correlated cell and molecular biology /
بيان المسئوليه,etc Michael H. Ross, Wojciech Pawlina.
250 ## - بيان الطبعة
بيان الطبعة 7th ed.
260 ## - PUBLICATION, DISTRIBUTION, ETC. (IMPRINT)
مكان الناشر او الموزع Philadelphia :
اسم الناشر او الموزع Wolters Kluwer/Lippincott Williams & Wilkins Health,
تاريخ النشر أو التوزيع c2016.
300 ## - الوصف المادى
التعداد xviii, 974 p. :
تفاصيل ماديه اخرى للوعاء ill. (some col.) ;
أبعاد الوعاء 28 cm.
500 ## - تبصرة عامة
تبصرة عامة Includes index.
504 ## - تبصرة ببليوجرافية
تبصرة ببليوجرافية,الخ Includes bibliographical references and index.
505 0# - تبصرة محتويات-الفهرس
تبصرة المحتويات المصاغة Methods -- The cell cytoplasm -- The cell nucleus -- Tissues : concept and classification -- Epithelial tissue -- Connective tissue -- Cartilage -- Bone --Adipose tissue -- Blood -- Muscle tissue -- Nerve tissue -- Cardiovascular system -- Lymphatic system -- Integumentary system -- Digestive system I : oral cavity and associated structures -- Digestive system II : esophagus and gastrointestinal tract -- Digestive system III : liver, gallbladder, and pancreas -- Respiratory system -- Urinary system -- Endocrine organs -- Male reproductive system -- Female reproductive system -- Eye -- Ear.
650 #0 - المدخل الاضافى بالموضوع-مصطلح موضوعى
مصطلح موضوعي أو اسم جغرافي كعنصر مدخل Histology.
9 (RLIN) 52338
650 #0 - المدخل الاضافى بالموضوع-مصطلح موضوعى
مصطلح موضوعي أو اسم جغرافي كعنصر مدخل Histology
التقسيم الفرعي الشكلي Atlases.
9 (RLIN) 9358
650 12 - المدخل الاضافى بالموضوع-مصطلح موضوعى
مصطلح موضوعي أو اسم جغرافي كعنصر مدخل Histology
التقسيم الفرعي الشكلي Atlases.
9 (RLIN) 9358
700 1# - المدخل الاضافى - اسم شخصى
الإسم الشخصى Pawlina, Wojciech.
9 (RLIN) 10861
942 ## - عناصر المدخل الإضافي( كوها)
مصدر التصنيف او مخطط الترفيف Dewey Decimal Classification
Koha [default] item type كتاب
المقتنيات
حالة الفقد نموذج السعر الفعال حالة تلف ليس للاعارة رقم الطلب تاريخ الاكتساب الموقع الحالي الباركود الفرع الرئيسي Date last seen نوع المادة فى نظام كوها مصدر التصنيف او خطة الترفيف Total Checkouts Date last checked out
  2015-10-13     611.018 RMH 2015-10-13 المكتبة المركزية بالمجمعة (CL) 00654272 المكتبة المركزية بالمجمعة (CL) 2015-10-13 كتاب Dewey Decimal Classification    
  2015-10-13     611.018 RMH 2015-10-13 المكتبة المركزية بالمجمعة (CL) 00654273 المكتبة المركزية بالمجمعة (CL) 2023-05-03 كتاب Dewey Decimal Classification 2 2023-04-05
  2015-10-13     611.018 RMH 2015-10-13 المكتبة المركزية بالمجمعة (CL) 00654274 المكتبة المركزية بالمجمعة (CL) 2018-11-06 كتاب Dewey Decimal Classification 1 2018-10-29
  2015-10-15     611.018 RMH 2015-10-15 مكتبة كلية العلوم الطبية التطبيقية بالمجمعة - طالبات (AMF) 00654509 مكتبة كلية العلوم الطبية التطبيقية بالمجمعة - طالبات (AMF) 2025-11-05 كتاب Dewey Decimal Classification 3 2025-11-05
  2015-10-15     611.018 RMH 2015-10-15 مكتبة كلية العلوم الطبية التطبيقية بالمجمعة - طالبات (AMF) 00654510 مكتبة كلية العلوم الطبية التطبيقية بالمجمعة - طالبات (AMF) 2025-04-27 كتاب Dewey Decimal Classification 3 2025-04-15
  2018-08-18     611.018 RMH 2018-08-18 مكتبة مجمع الكليات بالزلفى - طلاب (SZM) 00657344 مكتبة مجمع الكليات بالزلفى - طلاب (SZM) 2018-08-18 كتاب Dewey Decimal Classification